000 00454nam a2200157 4500
001 132027
003 ES-MaACL
005 20230906194105.0
007 t|
008 070214s1971 sp r ||||1| spa d
100 1 _aRodríguez Rivera, Juan Francisco.
_998760
245 1 0 _aCuando invade la tristeza /
_cJuan Francisco Rodríguez Rivera.
260 _aMadrid :
_bIrmayol,
_c1971.
300 _a166 p. ;
_c20 cm.
852 _aES-MaACL
_jC-46434
_bR.80784
999 _c132027
_d132027